000 00428nam a22001697a 4500
003 NUST - PNEC
005 20170116181141.0
008 151008b xxu||||| |||| 00| 0 eng d
020 _a0910463253
040 _cLIBRARY
082 _a629.892 HEL
100 _914637
_aHelmers, Carl
245 _aRobotics age : in the beginning
_cCarl Helmers
260 _cc.1983
650 _914640
_aRobotics Age
_xMIS
942 _2ddc
_cBK
999 _c70478
_d70478